Responses for Show #3003 - Wednesday, September 24, 1997

Contestants

[<< previous game]

Roxanne Smith, a government worker from Silver Spring, Maryland

Phil Turnbull, a newspaper district manager from Renton, Washington

Bob Willoughby, a computer programming student from Madison, Wisconsin (whose 1-day cash winnings total $11,401)

[next game >>]

Jeopardy! Round responses

IRAQNOPHOBIA
ORDINAL NUMBER, PLEASE
(Alex: We're not looking for numerals here. Ordinals have to do with the order of things. Richard III, that's an example.)
TELEVISION
WHAT AILS YOU?
STATE SUPERLATIVES
4-LETTER WORDS
    $100 21
Saddam Hussein

Bob
    $100 1
first

Bob
    $100 3
Dallas

Phil
    $100 30
Africa

Bob
    $100 16
California

Phil
    $100 11
honk

Phil
    $200 22
Baghdad

Bob
    $200 2
(Bob: What is 16th?)

19th

BobPhil
    $200 4
Murphy Brown

Bob
    $200 29
soybean

Bob
    $200 17
New Jersey

Bob
    $200 12
(Bob: What is an oven?)

kiln

BobRoxanne
    $300 23
Mesopotamia

Bob
    $300 8
twelfth

Bob
    $300 5
Mad About You

Roxanne
    $300 28
cataracts

Roxanne
    $300 18
(Phil: What is Montana?)

Nebraska

Phil
Triple Stumper
    $300 13
Tory

Bob
    $400 24
(Alex: A minute to go.)

Kurds

Bob
    $400 9
[Instrumental]
(Bob: What is 5th Street?)

42nd Street

Bob
    $400 6
Monty Python

Roxanne
    $400 27
botulism

Roxanne
    $400 19
(Phil: Where is Arizona?)
(Roxanne: Where is New Mexico?)

Colorado

PhilRoxanne
Triple Stumper
    $400 14
reap

Bob
    $500 25
the dinar

Triple Stumper
    $500 10
(Roxanne: What is 76th?)

75th

BobRoxanne
    $500 7
Adam-12

Bob
    $500 26
narcolepsy

Roxanne
    $500 20
Idaho (mainly in Idaho on the border with Oregon)

Triple Stumper
    $500 15
tilt

Bob

Scores at the first commercial break (after clue 13):

Bob Phil Roxanne
$1,100 $400 $400

Scores at the end of the Jeopardy! Round:

Bob Phil Roxanne
$3,500 -$200 $1,200

Double Jeopardy! Round responses

1957
REALLY BIG
SHOES
(Alex: "Big shoes!")
POLITICIANS
MUSICAL THEATRE
"PH"UN WORDS
    $200 1
Sputnik

Phil
    $200 21
a pyramid

Phil
    $200 26
a pennyloafer

Phil
    $200 6
(Phil: Who is... Frank Grant?)

Bob Dole

BobPhil
    $200 11
The King and I

Roxanne
    $200 16
philately (stamp collecting)

Bob
    $400 2
the Frisbee

Bob
    $400 22
(Phil: What is a zeppelin?)
(Alex: Be more specific.)
(Phil: Graf Zeppelin?)

the Hindenburg

BobPhil
    $400 30
(Alex: The symbol represents Dutch Boy paints.)

wooden shoes (or clogs)

Roxanne
    $400 7
Indianapolis

Phil
    $1,600 12
(Alex: Here is a special guest with the clue...)

Will Rogers

Roxanne
    $400 17
a philharmonic

Phil
    $600 3
Jimmy Hoffa

Phil
    $600 23
the great white shark

Roxanne
    $600 29
Wellingtons

Bob
    $600 8
Fred Dalton Thompson

Bob
    $600 13
Victor/Victoria

Bob
    $600 18
phi

Bob
    $800 4
Armand Hammer

Triple Stumper
    $2,400 24
(Roxanne: What is Madagascar?)
...
(Alex: Minute to go.)

New Guinea

Roxanne
    $800 27
a pump

Roxanne
    $800 9
Richard Petty

Roxanne
    $800 14
La bohème

Phil
    $800 19
"Physical"

Phil
    $1000 5
Admiral Richard Byrd

Triple Stumper
    $1000 25
a banyan

Bob
    $1000 28
(Alex: They were really popular just a few years ago.)

espadrilles

Triple Stumper
    $1000 10
the Congressional Black Caucus

Roxanne
    $1000 15
A Little Night Music

Bob
    $1000 20
(Phil: What is Phobos?)

Pharos

BobPhil

Scores at the end of the Double Jeopardy! Round:

Bob Phil Roxanne
$10,100 $1,800 $4,200
(lock game)

[wagering suggestions for these scores]

Final Jeopardy! Round responses

19th CENTURY FICTION
PhilWho was Thomas Jefferson
$1,700
RoxanneWho was Jefferson?
$4,100
BobWho is Thomas Jefferson?
$1,699
Thomas Jefferson

Final scores:

Bob Phil Roxanne
$11,799 $3,500 $8,300
2-day champion: $23,200 3rd place: a Minolta S1 APS camera 2nd place: a trip/cruise to The Moorings, Tortola, British Virgin Islands

Game dynamics:

Coryat scores:

Bob Phil Roxanne
$10,500 $1,800 $5,400
26 R,
3 W
(including 1 DD)
12 R,
5 W
13 R
(including 1 DD),
3 W
(including 1 DD)

Combined Coryat: $17,700

[game clues] [game scores] [suggest correction]

Game tape date: Unknown
The J! Archive is created by fans, for fans. Scraping, republication, monetization, and malicious use prohibited; this site may use cookies and collect identifying information. See terms. The Jeopardy! game show and all elements thereof, including but not limited to copyright and trademark thereto, are the property of Jeopardy Productions, Inc. and are protected under law. This website is not affiliated with, sponsored by, or operated by Jeopardy Productions, Inc. Join the discussion at JBoard.tv.